<?xml version="1.0" encoding="UTF-8"?><?xml-stylesheet type="text/xsl" href="static/style.xsl"?><OAI-PMH xmlns="http://www.openarchives.org/OAI/2.0/" xmlns:xsi="http://www.w3.org/2001/XMLSchema-instance" xsi:schemaLocation="http://www.openarchives.org/OAI/2.0/ http://www.openarchives.org/OAI/2.0/OAI-PMH.xsd"><responseDate>2026-04-14T08:02:43Z</responseDate><request verb="GetRecord" identifier="oai:www.recercat.cat:2117/119275" metadataPrefix="marc">https://recercat.cat/oai/request</request><GetRecord><record><header><identifier>oai:recercat.cat:2117/119275</identifier><datestamp>2026-01-21T04:05:26Z</datestamp><setSpec>com_2072_1033</setSpec><setSpec>col_2072_452950</setSpec></header><metadata><record xmlns="http://www.loc.gov/MARC21/slim" xmlns:dcterms="http://purl.org/dc/terms/" xmlns:xsi="http://www.w3.org/2001/XMLSchema-instance" xmlns:doc="http://www.lyncode.com/xoai" xsi:schemaLocation="http://www.loc.gov/MARC21/slim http://www.loc.gov/standards/marcxml/schema/MARC21slim.xsd">
   <leader>00925njm 22002777a 4500</leader>
   <datafield ind2=" " ind1=" " tag="042">
      <subfield code="a">dc</subfield>
   </datafield>
   <datafield ind2=" " ind1=" " tag="720">
      <subfield code="a">Rumipamba Zambrano, Rubén Darío</subfield>
      <subfield code="e">author</subfield>
   </datafield>
   <datafield ind2=" " ind1=" " tag="720">
      <subfield code="a">Perelló Muntan, Jordi</subfield>
      <subfield code="e">author</subfield>
   </datafield>
   <datafield ind2=" " ind1=" " tag="720">
      <subfield code="a">Gené Bernaus, Joan M.</subfield>
      <subfield code="e">author</subfield>
   </datafield>
   <datafield ind2=" " ind1=" " tag="720">
      <subfield code="a">Spadaro, Salvatore</subfield>
      <subfield code="e">author</subfield>
   </datafield>
   <datafield ind2=" " ind1=" " tag="260">
      <subfield code="c">2018-09-04</subfield>
   </datafield>
   <datafield ind2=" " ind1=" " tag="520">
      <subfield code="a">Future optical core networks realizing Flex-Grid and Space Division Multiplexing (Flex-Grid/SDM) will be key to effectively cope with the rapid growth of the Internet traffic, thanks to their superior capacity and spectrum utilization flexibility. Specifically about SDM, the spatial dimension can be considered either fixed or flexible. The goal of this work is two-fold. Firstly, it aims at quantifying the capacity (in terms of throughput) of Flex-Grid/SDM networks assuming either a fixed or a flexible spatial dimension. To this end, we scale up the spatial multiplicity from 7 to 30 spatial channels, considering Multi-Fiber (MF) and Multi-Core Fiber (MCF) solutions. Secondly, it also aims at analyzing the throughput scalability in these networks versus their hardware requirements, especially from the transponder requirements point of view. The obtained results show that, for a 4.3× spatial multiplicity scaling factor, the throughput of spatially fixed Flex-Grid/SDM networks scales up to 3.5×. Conversely, when the spatial dimension is considered flexible, throughput can be pushed up to a 5× factor for both MF and MCF solutions. However, a long-term realization of spectrally-spatially flexible optical networks (SS-FONs) requires up to 9.6× more laser sources and 2.7× electronic complexity (per required connection) in the transponders compared to spatially fixed Flex-Grid/SDM networks. Furthermore, SS-FONs enable different options for assigning the spectral and spatial resources to traffic demands. In this sense, another contribution of this work is the introduction of a novel methodology that trades network throughput for transponder (the major network equipment cost in SDM networks) complexity reduction.</subfield>
   </datafield>
   <datafield ind2=" " ind1=" " tag="520">
      <subfield code="a">Peer Reviewed</subfield>
   </datafield>
   <datafield ind2=" " ind1=" " tag="520">
      <subfield code="a">Postprint (author's final draft)</subfield>
   </datafield>
   <datafield tag="653" ind2=" " ind1=" ">
      <subfield code="a">Àrees temàtiques de la UPC::Enginyeria de la telecomunicació::Telecomunicació òptica</subfield>
   </datafield>
   <datafield tag="653" ind2=" " ind1=" ">
      <subfield code="a">Multiplexing</subfield>
   </datafield>
   <datafield tag="653" ind2=" " ind1=" ">
      <subfield code="a">Optical communications</subfield>
   </datafield>
   <datafield tag="653" ind2=" " ind1=" ">
      <subfield code="a">Telecommunication -- Traffic -- Management</subfield>
   </datafield>
   <datafield tag="653" ind2=" " ind1=" ">
      <subfield code="a">Flex grids</subfield>
   </datafield>
   <datafield tag="653" ind2=" " ind1=" ">
      <subfield code="a">Inter-core XT</subfield>
   </datafield>
   <datafield tag="653" ind2=" " ind1=" ">
      <subfield code="a">Multicore fiber</subfield>
   </datafield>
   <datafield tag="653" ind2=" " ind1=" ">
      <subfield code="a">Space division multiplexing</subfield>
   </datafield>
   <datafield tag="653" ind2=" " ind1=" ">
      <subfield code="a">Superchannel</subfield>
   </datafield>
   <datafield tag="653" ind2=" " ind1=" ">
      <subfield code="a">Multiplexatge</subfield>
   </datafield>
   <datafield tag="653" ind2=" " ind1=" ">
      <subfield code="a">Comunicacions òptiques</subfield>
   </datafield>
   <datafield tag="653" ind2=" " ind1=" ">
      <subfield code="a">Telecomunicació -- Tràfic -- Gestió</subfield>
   </datafield>
   <datafield ind2="0" ind1="0" tag="245">
      <subfield code="a">On the scalability of dynamic Flex-Grid/SDM optical core networks</subfield>
   </datafield>
</record></metadata></record></GetRecord></OAI-PMH>